00714nam a22001697a 4500003000900000008004100009040007100050082001900121100002900140245020600169260005400375300002700429505002400456650002800480650001300508650002300521AR-CdUCM190506b ||||| |||| 00| 0 spa d aMUNICIPALIDAD PROVINCIAL DEL CUSCOcBIBLIOTECA MUNICIPAL DEL CUSCO a858.83 /bEC17 aEchegaray Barberis, Alba aLecturas seleccionadas y adaptadas a la realidad de nuestra admirable tierra el Cusco, con sus mensajes formativos, de la obra "Corazón" del escritor italiano Edmundo de Amicis. Y poemas educativos / aCusco :bTall. Gráf. de Impr. Yáñez,c1989. a44 páginas ;c22 cm. aContenido: Cuentos. aAdaptaciones literarias aSiglo XX aLiteratura Peruana